UBT Library

The social science encyclopedia / (Record no. 47104)

000 -LEADER
fixed length control field 00661cam a2200229 a 4500
001 - CONTROL NUMBER
control field 4971404
005 - DATE AND TIME OF LATEST TRANSACTION
control field 20180814051248.0
008 - FIXED-LENGTH DATA ELEMENTS--GENERAL INFORMATION
fixed length control field 970626s1996 enka be 000 0 eng
010 ## - LIBRARY OF CONGRESS CONTROL NUMBER
LC control number 97166752
Canceled/invalid LC control number 97122226
020 ## - INTERNATIONAL STANDARD BOOK NUMBER
International Standard Book Number 0415108292
040 ## - CATALOGING SOURCE
Original cataloging agency DLC
Transcribing agency DLC
Modifying agency DLC
041 ## - LANGUAGE CODE
Language code of text/sound track or separate title eng
080 ## - UNIVERSAL DECIMAL CLASSIFICATION NUMBER
Universal Decimal Classification number 300.3
082 00 - DEWEY DECIMAL CLASSIFICATION NUMBER
Classification number 300.3
Edition number 21
100 ## - Rafti
Rafti 23
101 ## - Shkurtesa
Shkurtesa ENC
245 04 - TITLE STATEMENT
Title The social science encyclopedia /
Statement of responsibility, etc edited by Adam Kuper and Jessica Kuper.
504 ## - BIBLIOGRAPHY, ETC. NOTE
Bibliography, etc Includes bibliographical references.
906 ## - LOCAL DATA ELEMENT F, LDF (RLIN)
a 7
b cbc
c orignew
d 2
e ncip
f 19
g y-gencatlg
942 ## - ADDED ENTRY ELEMENTS (KOHA)
Source of classification or shelving scheme
Item type Books
Holdings
Withdrawn status Lost status Source of classification or shelving scheme Damaged status Not for loan Collection code Permanent location Current location Shelving location Date acquired Total Checkouts Full call number Barcode Date last seen Price effective from Koha item type
          Koleksioni i përgjithshem UBT - Lipjan UBT - Lipjan Koleksioni i përgjithshem 08/14/2018   300.3 KUP 002-3010923 08/14/2018 08/14/2018 Books
UBT Library © 2015-2024. All rights reserved University Education for Business and Technology